000 00544nam a22001817a 4500
999 _c23661
_d23661
003 BDDh-ASL
005 20231015030254.0
008 210401s1967 e ||||| |||| 00| 0 eng d
040 _aBDDh-ASL
_cBDDh-ASL
082 _a921
_bRUA
100 1 _93582
_aRussell, Bertrand
_d1872-1914
245 1 4 _aThe Autobiography of Bertrand Russell: 1872-1914 /
260 _aLondon:
_bGeorge Allen and Unwin Ltd.,
_c1967.
300 _a230 p. :
_c24 cm.
600 1 0 _93582
_aRussell, Bertrand
_d1872-1914
650 0 _91339
_aBiography
942 _2ddc
_cBK